ბათუმის შოთა რუსთაველის სახელმწიფო უნივერსიტეტის ბიბლიოთეკა

ფიზიკა მე–4 გაამუშ. გამოც.სახელმძღვანელო უმაღლეს სასწ. შემსვლეთათვის (ბიბ.ჩანაწერი № 36704)

000 -LEADER
fixed length control field 00678nam a2200193Ia 4500
001 - CONTROL NUMBER
control field 2633
003 - CONTROL NUMBER IDENTIFIER
control field GE_BSU
008 - FIXED-LENGTH DATA ELEMENTS--GENERAL INFORMATION
fixed length control field 181216s||||||||xx |||||||||||||| ||und||
040 ## - CATALOGING SOURCE
Transcribing agency GE_BSU
080 ## - UNIVERSAL DECIMAL CLASSIFICATION NUMBER
Universal Decimal Classification number 53(075.8)
245 ## - TITLE STATEMENT
Title ფიზიკა მე–4 გაამუშ. გამოც.სახელმძღვანელო უმაღლეს სასწ. შემსვლეთათვის
260 ## - PUBLICATION, DISTRIBUTION, ETC.
Place of publication, distribution, etc. თბილისი
260 ## - PUBLICATION, DISTRIBUTION, ETC.
Name of publisher, distributor, etc. განათლება
260 ## - PUBLICATION, DISTRIBUTION, ETC.
Date of publication, distribution, etc. 1971
300 ## - PHYSICAL DESCRIPTION
Extent 413 გვ.
653 ## - INDEX TERM--UNCONTROLLED
Uncontrolled term ფიზიკა უმაღლეს სასწ. შემსვლეთათვის
942 ## - ADDED ENTRY ELEMENTS (KOHA)
Koha item type წიგნი
ეგზემპლარები
Withdrawn status Lost status Source of classification or shelving scheme Damaged status Not for loan Permanent Location Current Location Shelving location Date acquired Full call number Barcode Date last seen Price effective from Koha item type
          ბათუმის შოთა რუსთაველის სახელმწიფო უნივერსიტეტის მთავარი ბიბლიოთეკა ბათუმის შოთა რუსთაველის სახელმწიფო უნივერსიტეტის მთავარი ბიბლიოთეკა წიგნსაცავი 2018-12-17 53(075.8) 1949 2018-12-17 2018-12-17 წიგნი